000 00380 a2200145 4500
001 81987
082 _a621 380413 LAT
090 _c39879
_d39879
100 _aLathi, B.P
245 _aModern Digital and Analog Communication Systems, 3rd Ed
250 _a3
260 _aNY
_bOxford Uni Press
_c1998
300 _axv, 781 p.
_bphotocopy
500 _aAvionics Textbook
942 _aNUST-CAE
_k621 380413LAT
_cAV
999 _c317060
_d317060